| 000 | 00582nam a2200157Ia 4500 | ||
|---|---|---|---|
| 003 | GCL | ||
| 005 | 20240530102924.0 | ||
| 008 | 140319s9999 xx 000 0 ara d | ||
| 040 |
_aGCL / _cGCL |
||
| 082 | 0 | 4 |
_a320.54 _bم ق |
| 100 | 1 | _4محمد احمد خلف الله | |
| 245 | 1 | 0 | _aالقومية العربية والاسلام بحوث ومناقشات الندوة الفكرية التى نظمها مركز دراسات الوحدة العربية |
| 260 |
_a[S.N] : _bمركز دراسات الوحدة العربية ، _c1982 |
||
| 300 | _a778 ص | ||
| 942 |
_2ddc _cBK |
||
| 999 |
_c35374 _d35374 |
||